000 00655nam a2200241Ia 4500
003 OSt
005 20220924122522.0
006 a|||||r|||| 00| 0
007 ta
008 220923b |||||||| |||| 00| 0 urd d
024 _a320800
037 _cTextual
040 _aARTS
_cARTS
_burd
041 _2urd
_aurd
082 _aQ7xN, 168J9
100 _aNomani Manzoor Ed.
_9189742
245 0 _aMalfoozat
_bHazrat Maulana Mohammad Iliyas
260 _aLuckhnow
_bAlfurqaan India
_c1959
300 _a176p.
_ccm.
650 _aISLAM
_9577
942 _hQ7xN, 168J9
_cTEXL
_2CC
999 _c411933
_d411933